The sword and the scepter : (Record no. 24181)
[ view plain ]
| 000 -LEADER | |
|---|---|
| fixed length control field | 01498cam a2200349 a 4500 |
| 001 - CONTROL NUMBER | |
| control field | 24181 |
| 003 - CONTROL NUMBER IDENTIFIER | |
| rucl marc code | BD-RjUL |
| 005 - DATE AND TIME OF LATEST TRANSACTION | |
| control field | 20211209001022.0 |
| 008 - FIXED-LENGTH DATA ELEMENTS--GENERAL INFORMATION | |
| fixed length control field | 140312r19721965flu b 001 0 eng |
| 020 ## - INTERNATIONAL STANDARD BOOK NUMBER | |
| International Standard Book Number | 0870241281 (v. 2) |
| 035 ## - SYSTEM CONTROL NUMBER | |
| System control number | (BD-RjUL)24247 |
| System control number | 2474500 |
| 040 ## - CATALOGING SOURCE | |
| Original cataloging agency | LC |
| Language of cataloging | eng |
| Transcribing agency | LC |
| Modifying agency | BD-RjUL |
| 041 1# - LANGUAGE CODE | |
| Language code of text/sound track or separate title | engger |
| 082 04 - DEWEY DECIMAL CLASSIFICATION NUMBER | |
| Classification number | 320.943 |
| Author mark and year | RIS |
| 100 1# - MAIN ENTRY--PERSONAL NAME | |
| Personal name | Ritter, Gerhard, |
| Dates associated with a name | 1888-1967. |
| 9 (RLIN) | 74468 |
| 245 14 - TITLE STATEMENT | |
| Title | The sword and the scepter : |
| Remainder of title | the problem of militarism in Germany / |
| Statement of responsibility, etc. | by Gerhard Ritter, translated from the German by Heinz Norden. |
| Number of part/section of a work | Volume II |
| Name of part/section of a work | The European powers and the Wilhelminian Empire 1890-1914 |
| 260 ## - PUBLICATION, DISTRIBUTION, ETC. (IMPRINT) | |
| Place of publication, distribution, etc. | Coral Gables, Fla. : |
| Name of publisher, distributor, etc. | University of Miami Press, |
| Date of publication, distribution, etc. | 1965 [printing 1972] |
| 300 ## - PHYSICAL DESCRIPTION | |
| Pagination | vi, 328 p. ; |
| Size | 25 cm. |
| 500 ## - GENERAL NOTE | |
| General note | Translation of Staatskunst und Kriegshandwerk. |
| 504 ## - BIBLIOGRAPHY, ETC. NOTE | |
| Bibliography, etc | Includes bibliographical references and indexes. |
| 505 0# - FORMATTED CONTENTS NOTE | |
| Formatted contents note | v. 1. The Prussian tradition, 1740-1890 -- v. 2. The European powers and the Wilhelminian empire, 1890-1914 -- v. 3. The tragedy of statesmanship : Bethmann Hollweg as War Chancellor, 1914-1917 --v. 4. The reign of German militarism and the disaster of 1918. |
| 650 #0 - SUBJECT ADDED ENTRY--TOPICAL TERM | |
| Topical term or geographic name as entry element | Militarism |
| Geographic subdivision | Germany. |
| 9 (RLIN) | 74469 |
| Topical term or geographic name as entry element | Politics and war. |
| 9 (RLIN) | 74470 |
| 651 #0 - SUBJECT ADDED ENTRY--GEOGRAPHIC NAME | |
| Geographic name | Germany |
| General subdivision | Politics and government. |
| 9 (RLIN) | 74493 |
| Geographic name | Germany |
| General subdivision | History, Military. |
| 9 (RLIN) | 18190 |
| 942 ## - ADDED ENTRY ELEMENTS (KOHA) | |
| Source of classification or shelving scheme | Dewey Decimal Classification |
| Koha item type | Books |
| Lost status | Source of classification or shelving scheme | Damaged status | Not for loan | Collection code | Permanent Location | Current Location | Shelving location | Date acquired | Source of acquisition | Cost, normal purchase price | Total Checkouts | Full call number | Date last seen | Copy number | Koha item type |
|---|---|---|---|---|---|---|---|---|---|---|---|---|---|---|---|
| Dewey Decimal Classification | Added to bundle | Non-fiction | Central Library, University of Rajshahi | Central Library, University of Rajshahi | Reading Room | 02/12/1975 | Jonhanathan wren & co. | 20.00 | 320.943 RIS V-2 1972 | 12/03/2014 | C-1 | Books |